[Event "Rapid Tournament (RAP)"]
[Site "Biel, CH"]
[Date "2025.07.13"]
[Round "5"]
[White "Sauvin, Jacques"]
[Black "Ernst, Rolf"]
[Result "0-1"]
[Board "21"]
[WhiteFideId "1301888"]
[BlackFideId "4611101"]
[BlackTitle "FM"]
[WhiteElo "2147"]
[BlackElo "1941"]
[WhiteTeam "SUI"]
[BlackTeam "SUI"]
[WhiteClock "0:00:25"]
[BlackClock "0:00:47"]
[Variant "Standard"]

1. d4 {[%clk 0:15:07]}  d5 {[%clk 0:15:08]} 2. Nf3 {[%clk 0:15:09]}  Nf6 {[%clk 0:15:07]} 3. Bf4 {[%clk 0:15:09]}  e6 {[%clk 0:14:58]} 4. e3 {[%clk 0:15:08]}  c5 {[%clk 0:14:51]} 5. Bxb8 {[%clk 0:14:26]}  Rxb8 {[%clk 0:14:50]} 6. c3 {[%clk 0:13:48]}  a6 {[%clk 0:14:42]} 7. Nbd2 {[%clk 0:13:47]}  Qc7 {[%clk 0:14:30]} 8. Ne5 {[%clk 0:13:14]}  Bd6 {[%clk 0:14:18]} 9. f4 {[%clk 0:13:14]}  b5 {[%clk 0:13:57]} 10. Bd3 {[%clk 0:12:37]}  Bd7 {[%clk 0:13:34]} 11. O-O {[%clk 0:12:24]}  Bc6 {[%clk 0:13:26]} 12. Qe2 {[%clk 0:11:50]}  Bb7 {[%clk 0:12:01]} 13. Rae1 {[%clk 0:11:22]}  g6 {[%clk 0:11:44]} 14. e4 {[%clk 0:09:56]}  Be7 {[%clk 0:10:20]} 15. f5 {[%clk 0:09:39]}  dxe4 {[%clk 0:09:48]} 16. Nxe4 {[%clk 0:07:47]}  Nxe4 {[%clk 0:09:35]} 17. Bxe4 {[%clk 0:07:42]}  Bxe4 {[%clk 0:09:00]} 18. Qxe4 {[%clk 0:07:43]}  gxf5 {[%clk 0:08:53]} 19. Qe2 {[%clk 0:06:45]}  Rd8 {[%clk 0:08:13]} 20. Qh5 {[%clk 0:06:20]}  Rf8 {[%clk 0:08:07]} 21. Nf3 {[%clk 0:06:04]}  Qc6 {[%clk 0:07:14]} 22. Re2 {[%clk 0:05:14]}  cxd4 {[%clk 0:06:13]} 23. cxd4 {[%clk 0:04:39]}  Rd5 {[%clk 0:04:11]} 24. Rfe1 {[%clk 0:04:23]}  Kd8 {[%clk 0:04:03]} 25. Ne5 {[%clk 0:04:08]}  Qe8 {[%clk 0:03:46]} 26. Qf3 {[%clk 0:03:40]}  Bd6 {[%clk 0:03:16]} 27. Rc2 {[%clk 0:03:11]}  Bxe5 {[%clk 0:02:56]} 28. dxe5 {[%clk 0:03:06]}  Qd7 {[%clk 0:02:56]} 29. Qc3 {[%clk 0:02:42]}  Rg8 {[%clk 0:02:21]} 30. Qa5+ {[%clk 0:02:29]}  Ke8 {[%clk 0:02:17]} 31. Rc7 {[%clk 0:02:15]}  Qd8 {[%clk 0:02:11]} 32. Qc3 {[%clk 0:02:17]}  Qg5 {[%clk 0:01:42]} 33. Rc8+ {[%clk 0:02:03]}  Rd8 {[%clk 0:01:45]} 34. Qc6+ {[%clk 0:01:58]}  Kf8 {[%clk 0:01:48]} 35. Rxd8+ {[%clk 0:02:00]}  Qxd8 {[%clk 0:01:51]} 36. Qd6+ {[%clk 0:01:37]}  Qxd6 {[%clk 0:01:47]} 37. exd6 {[%clk 0:01:41]}  Ke8 {[%clk 0:01:52]} 38. Rc1 {[%clk 0:01:31]}  Kd7 {[%clk 0:01:51]} 39. Rc7+ {[%clk 0:01:35]}  Kxd6 {[%clk 0:01:54]} 40. Rxf7 {[%clk 0:01:38]}  Rc8 {[%clk 0:01:58]} 41. Rxh7 {[%clk 0:01:27]}  Rc1+ {[%clk 0:02:01]} 42. Kf2 {[%clk 0:01:32]}  Rc2+ {[%clk 0:02:05]} 43. Kf3 {[%clk 0:01:35]}  Rxb2 {[%clk 0:02:09]} 44. Ra7 {[%clk 0:01:33]}  Rxa2 {[%clk 0:02:06]} 45. h4 {[%clk 0:01:33]}  e5 {[%clk 0:01:58]} 46. h5 {[%clk 0:01:33]}  Ra3+ {[%clk 0:01:42]} 47. Kf2 {[%clk 0:01:35]}  Ra4 {[%clk 0:01:28]} 48. g3 {[%clk 0:01:30]}  Rg4 {[%clk 0:00:59]} 49. Rxa6+ {[%clk 0:01:33]}  Kd5 {[%clk 0:01:03]} 50. h6 {[%clk 0:01:18]}  f4 {[%clk 0:00:54]} 51. gxf4 {[%clk 0:01:11]}  Rxf4+ {[%clk 0:00:58]} 52. Ke3 {[%clk 0:01:07]}  Rh4 {[%clk 0:00:59]} 53. Rb6 {[%clk 0:01:00]}  b4 {[%clk 0:00:53]} 54. h7 {[%clk 0:00:51]}  Rh3+ {[%clk 0:00:56]} 55. Ke2 {[%clk 0:00:49]}  Kc4 {[%clk 0:01:00]} 56. Re6 {[%clk 0:00:31]}  b3 {[%clk 0:00:50]} 57. Rxe5 {[%clk 0:00:25]}  b2 {[%clk 0:00:47]} 0-1

[Event "Rapid Tournament (RAP)"]
[Site "Biel, CH"]
[Date "2025.07.13"]
[Round "5"]
[White "Cordes, Jule"]
[Black "El-Mais, Ibaa"]
[Result "0-1"]
[Board "22"]
[WhiteFideId "1060708"]
[BlackFideId "1312715"]
[WhiteElo "1946"]
[BlackElo "2140"]
[WhiteTeam "NED"]
[BlackTeam "SUI"]
[WhiteClock "0:00:07"]
[BlackClock "0:00:39"]
[Variant "Standard"]

1. d4 {[%clk 0:15:08]}  Nf6 {[%clk 0:15:09]} 2. c4 {[%clk 0:15:12]}  g6 {[%clk 0:15:12]} 3. f3 {[%clk 0:15:16]}  d6 {[%clk 0:14:47]} 4. e4 {[%clk 0:15:16]}  Bg7 {[%clk 0:14:40]} 5. Nc3 {[%clk 0:15:19]}  O-O {[%clk 0:14:43]} 6. Nge2 {[%clk 0:15:22]}  c5 {[%clk 0:14:41]} 7. d5 {[%clk 0:15:24]}  e6 {[%clk 0:14:39]} 8. Ng3 {[%clk 0:15:26]}  exd5 {[%clk 0:14:37]} 9. cxd5 {[%clk 0:15:30]}  Nbd7 {[%clk 0:14:15]} 10. Be2 {[%clk 0:15:28]}  a6 {[%clk 0:13:00]} 11. a4 {[%clk 0:15:31]}  Rb8 {[%clk 0:13:04]} 12. O-O {[%clk 0:15:30]}  Qc7 {[%clk 0:11:02]} 13. Nh1 {[%clk 0:15:04]}  Ne8 {[%clk 0:10:34]} 14. Nf2 {[%clk 0:14:50]}  f5 {[%clk 0:10:27]} 15. Qc2 {[%clk 0:13:39]}  f4 {[%clk 0:10:24]} 16. Bd2 {[%clk 0:12:47]}  Ne5 {[%clk 0:09:52]} 17. a5 {[%clk 0:11:58]}  b5 {[%clk 0:07:45]} 18. axb6 {[%clk 0:12:01]}  Qxb6 {[%clk 0:07:49]} 19. Na4 {[%clk 0:11:24]}  Qa7 {[%clk 0:07:18]} 20. Bc3 {[%clk 0:11:07]}  g5 {[%clk 0:07:10]} 21. Kh1 {[%clk 0:09:48]}  h5 {[%clk 0:07:13]} 22. Nd3 {[%clk 0:09:11]}  Nc4 {[%clk 0:06:25]} 23. Bxg7 {[%clk 0:08:51]}  Ne3 {[%clk 0:06:29]} 24. Qc3 {[%clk 0:08:08]}  Nxg7 {[%clk 0:05:18]} 25. Rfe1 {[%clk 0:07:29]}  Qf7 {[%clk 0:04:44]} 26. Nf2 {[%clk 0:07:07]}  g4 {[%clk 0:04:27]} 27. Nd1 {[%clk 0:06:11]}  Nxd1 {[%clk 0:03:34]} 28. Raxd1 {[%clk 0:06:15]}  Rb4 {[%clk 0:02:19]} 29. Qc2 {[%clk 0:05:52]}  Qf6 {[%clk 0:02:05]} 30. Nc3 {[%clk 0:05:17]}  Re8 {[%clk 0:01:53]} 31. Qd2 {[%clk 0:04:58]}  Re7 {[%clk 0:01:22]} 32. Ra1 {[%clk 0:04:32]}  g3 {[%clk 0:01:01]} 33. h3 {[%clk 0:04:27]}  Qh4 {[%clk 0:00:49]} 34. Bf1 {[%clk 0:04:31]}  Ne8 {[%clk 0:00:50]} 35. Ne2 {[%clk 0:03:56]}  Rf7 {[%clk 0:00:37]} 36. Rad1 {[%clk 0:03:36]}  Nc7 {[%clk 0:00:37]} 37. Qc3 {[%clk 0:02:58]}  Nb5 {[%clk 0:00:39]} 38. Qc2 {[%clk 0:02:46]}  Qf6 {[%clk 0:00:37]} 39. Nc3 {[%clk 0:01:51]}  Nd4 {[%clk 0:00:37]} 40. Qd2 {[%clk 0:01:42]}  Rfb7 {[%clk 0:00:27]} 41. Rb1 {[%clk 0:01:25]}  Qh4 {[%clk 0:00:25]} 42. Qd3 {[%clk 0:00:37]}  Rxb2 {[%clk 0:00:24]} 43. Rxb2 {[%clk 0:00:41]}  Rxb2 {[%clk 0:00:29]} 44. Rb1 {[%clk 0:00:43]}  Rxb1 {[%clk 0:00:26]} 45. Nxb1 {[%clk 0:00:43]}  Qf6 {[%clk 0:00:14]} 46. Nd2 {[%clk 0:00:42]}  Nb5 {[%clk 0:00:16]} 47. Nc4 {[%clk 0:00:37]}  Qd4 {[%clk 0:00:16]} 48. Qxd4 {[%clk 0:00:15]}  cxd4 {[%clk 0:00:19]} 49. Bd3 {[%clk 0:00:11]}  Kg7 {[%clk 0:00:22]} 50. Kg1 {[%clk 0:00:15]}  Kf6 {[%clk 0:00:26]} 51. Kf1 {[%clk 0:00:18]}  Ke7 {[%clk 0:00:13]} 52. Ke1 {[%clk 0:00:22]}  Nc3 {[%clk 0:00:08]} 53. Kd2 {[%clk 0:00:23]}  Bxh3 {[%clk 0:00:11]} 54. Bf1 {[%clk 0:00:14]}  Bd7 {[%clk 0:00:04]} 55. Kd3 {[%clk 0:00:09]}  Nb5 {[%clk 0:00:14]} 56. Nb2 {[%clk 0:00:07]}  h4 {[%clk 0:00:16]} 57. Na4 {[%clk 0:00:07]}  Nc7 {[%clk 0:00:18]} 58. Nb6 {[%clk 0:00:11]}  Bb5+ {[%clk 0:00:22]} 59. Nc4 {[%clk 0:00:14]}  Kf6 {[%clk 0:00:24]} 60. Kxd4 {[%clk 0:00:18]}  Bxc4 {[%clk 0:00:25]} 61. Kxc4 {[%clk 0:00:17]}  Ke5 {[%clk 0:00:29]} 62. Kc3 {[%clk 0:00:12]}  Nb5+ {[%clk 0:00:29]} 63. Kc4 {[%clk 0:00:12]}  Nd4 {[%clk 0:00:33]} 64. Kc3 {[%clk 0:00:08]}  h3 {[%clk 0:00:36]} 65. gxh3 {[%clk 0:00:10]}  Nxf3 {[%clk 0:00:40]} 66. Kd3 {[%clk 0:00:07]}  Nh4 {[%clk 0:00:39]} 0-1

[Event "Rapid Tournament (RAP)"]
[Site "Biel, CH"]
[Date "2025.07.13"]
[Round "5"]
[White "Zenker, Ulrich"]
[Black "Tcheau, Alain"]
[Result "1/2-1/2"]
[Board "23"]
[WhiteFideId "4614976"]
[BlackFideId "1306014"]
[WhiteTitle "FM"]
[WhiteElo "2081"]
[BlackElo "1912"]
[WhiteTeam "GER"]
[BlackTeam "SUI"]
[WhiteClock "0:00:25"]
[BlackClock "0:02:11"]
[Variant "Standard"]

1. e4 {[%clk 0:15:08]}  c5 {[%clk 0:15:09]} 2. Nf3 {[%clk 0:14:45]}  Nc6 {[%clk 0:15:12]} 3. c3 {[%clk 0:14:47]}  d6 {[%clk 0:15:14]} 4. d4 {[%clk 0:14:42]}  cxd4 {[%clk 0:15:16]} 5. cxd4 {[%clk 0:14:45]}  e6 {[%clk 0:15:12]} 6. Nc3 {[%clk 0:14:46]}  Nf6 {[%clk 0:15:15]} 7. Bd3 {[%clk 0:14:09]}  e5 {[%clk 0:15:10]} 8. d5 {[%clk 0:09:56]}  Ne7 {[%clk 0:15:13]} 9. h3 {[%clk 0:09:03]}  g6 {[%clk 0:15:05]} 10. Be3 {[%clk 0:09:03]}  a6 {[%clk 0:14:53]} 11. O-O {[%clk 0:08:36]}  Bg7 {[%clk 0:14:56]} 12. Qb3 {[%clk 0:08:34]}  O-O {[%clk 0:14:38]} 13. Rac1 {[%clk 0:08:12]}  b5 {[%clk 0:14:17]} 14. a4 {[%clk 0:08:12]}  bxa4 {[%clk 0:14:08]} 15. Nxa4 {[%clk 0:08:07]}  Bd7 {[%clk 0:13:54]} 16. Nc3 {[%clk 0:05:44]}  Nh5 {[%clk 0:13:43]} 17. Qa3 {[%clk 0:05:35]}  Bb5 {[%clk 0:12:26]} 18. Nxb5 {[%clk 0:05:02]}  axb5 {[%clk 0:12:30]} 19. Qb4 {[%clk 0:05:04]}  Rb8 {[%clk 0:11:39]} 20. Ra1 {[%clk 0:03:30]}  Nf4 {[%clk 0:11:40]} 21. Rfd1 {[%clk 0:03:05]}  Nxd3 {[%clk 0:11:03]} 22. Rxd3 {[%clk 0:03:09]}  Qd7 {[%clk 0:10:36]} 23. Ra6 {[%clk 0:03:03]}  Rfd8 {[%clk 0:09:46]} 24. Rc3 {[%clk 0:02:52]}  f5 {[%clk 0:08:48]} 25. Ng5 {[%clk 0:02:54]}  fxe4 {[%clk 0:08:36]} 26. Nxe4 {[%clk 0:02:44]}  Nf5 {[%clk 0:06:29]} 27. Rcc6 {[%clk 0:02:40]}  Kh8 {[%clk 0:05:44]} 28. Qa5 {[%clk 0:02:01]}  Nxe3 {[%clk 0:05:33]} 29. fxe3 {[%clk 0:02:05]}  Bh6 {[%clk 0:05:26]} 30. Nxd6 {[%clk 0:01:50]}  Bxe3+ {[%clk 0:05:05]} 31. Kh1 {[%clk 0:01:54]}  Rf8 {[%clk 0:04:39]} 32. Qe1 {[%clk 0:01:22]}  Bd4 {[%clk 0:03:50]} 33. Ra1 {[%clk 0:01:00]}  Rf6 {[%clk 0:03:44]} 34. Qb4 {[%clk 0:00:56]}  Rbf8 {[%clk 0:03:39]} 35. Ne4 {[%clk 0:00:14]}  Rf1+ {[%clk 0:03:40]} 36. Rxf1 {[%clk 0:00:17]}  Rxf1+ {[%clk 0:03:44]} 37. Kh2 {[%clk 0:00:21]}  Bg1+ {[%clk 0:03:06]} 38. Kg3 {[%clk 0:00:25]}  Qf5 {[%clk 0:03:00]} 39. Rf6 {[%clk 0:00:13]}  Bf2+ {[%clk 0:02:18]} 40. Kh2 {[%clk 0:00:17]}  Bg1+ {[%clk 0:02:09]} 41. Kg3 {[%clk 0:00:22]}  Bf2+ {[%clk 0:02:11]} 42. Kh2 {[%clk 0:00:25]} 1/2-1/2

[Event "Rapid Tournament (RAP)"]
[Site "Biel, CH"]
[Date "2025.07.13"]
[Round "5"]
[White "Boyer, Jean-Francois"]
[Black "Sadeghi, Hassan Roger"]
[Result "1/2-1/2"]
[Board "24"]
[WhiteFideId "650226"]
[BlackFideId "1304712"]
[BlackTitle "CM"]
[WhiteElo "1697"]
[BlackElo "2068"]
[WhiteTeam "FRA"]
[BlackTeam "SUI"]
[WhiteClock "0:00:00"]
[BlackClock "0:00:13"]
[Variant "Standard"]

1. e4 {[%clk 0:15:08]}  Nc6 {[%clk 0:15:10]} 2. Nc3 {[%clk 0:14:52]}  e5 {[%clk 0:15:13]} 3. Nf3 {[%clk 0:14:53]}  Nf6 {[%clk 0:15:12]} 4. d4 {[%clk 0:14:47]}  exd4 {[%clk 0:15:15]} 5. Nxd4 {[%clk 0:14:49]}  Bb4 {[%clk 0:15:17]} 6. Nxc6 {[%clk 0:14:11]}  bxc6 {[%clk 0:15:21]} 7. e5 {[%clk 0:13:53]}  Qe7 {[%clk 0:14:29]} 8. Qe2 {[%clk 0:13:38]}  Nd5 {[%clk 0:14:03]} 9. Bd2 {[%clk 0:13:26]}  O-O {[%clk 0:10:26]} 10. Qe4 {[%clk 0:10:23]}  Bb7 {[%clk 0:10:03]} 11. Bd3 {[%clk 0:10:16]}  f5 {[%clk 0:09:37]} 12. exf6 {[%clk 0:09:53]}  Qxe4+ {[%clk 0:07:34]} 13. Nxe4 {[%clk 0:09:31]}  Bxd2+ {[%clk 0:07:24]} 14. Kxd2 {[%clk 0:09:22]}  Nxf6 {[%clk 0:07:28]} 15. Nc5 {[%clk 0:08:21]}  Bc8 {[%clk 0:06:51]} 16. f3 {[%clk 0:07:18]}  d6 {[%clk 0:05:32]} 17. Ne4 {[%clk 0:06:10]}  Nh5 {[%clk 0:03:48]} 18. Rhf1 {[%clk 0:05:24]}  Nf4 {[%clk 0:03:40]} 19. Rf2 {[%clk 0:04:39]}  Nxd3 {[%clk 0:03:36]} 20. cxd3 {[%clk 0:04:23]}  c5 {[%clk 0:03:07]} 21. b3 {[%clk 0:04:05]}  a5 {[%clk 0:03:06]} 22. Nc3 {[%clk 0:03:12]}  Bb7 {[%clk 0:01:47]} 23. Re1 {[%clk 0:03:05]}  Bc6 {[%clk 0:01:29]} 24. Rfe2 {[%clk 0:02:58]}  Rf7 {[%clk 0:01:32]} 25. Re7 {[%clk 0:02:52]}  Kf8 {[%clk 0:01:09]} 26. Rxf7+ {[%clk 0:02:25]}  Kxf7 {[%clk 0:01:40]} 27. Ne4 {[%clk 0:01:44]}  h6 {[%clk 0:01:42]} 28. Kc3 {[%clk 0:01:06]}  a4 {[%clk 0:01:12]} 29. b4 {[%clk 0:00:50]}  cxb4+ {[%clk 0:01:16]} 30. Kxb4 {[%clk 0:00:54]}  Rb8+ {[%clk 0:01:20]} 31. Kc3 {[%clk 0:00:56]}  Bd5 {[%clk 0:01:10]} 32. Re2 {[%clk 0:00:57]}  a3 {[%clk 0:00:56]} 33. Rc2 {[%clk 0:00:48]}  Rb1 {[%clk 0:00:48]} 34. Nd2 {[%clk 0:00:28]}  Rb7 {[%clk 0:00:21]} 35. Nc4 {[%clk 0:00:23]}  Ra7 {[%clk 0:00:12]} 36. Rc1 {[%clk 0:00:17]}  Rb7 {[%clk 0:00:14]} 37. Rc2 {[%clk 0:00:21]}  Ra7 {[%clk 0:00:19]} 38. Rc1 {[%clk 0:00:25]}  Ra8 {[%clk 0:00:13]} 39. Ra1 {[%clk 0:00:00]} 1/2-1/2

[Event "Rapid Tournament (RAP)"]
[Site "Biel, CH"]
[Date "2025.07.13"]
[Round "5"]
[White "Federer, Colin"]
[Black "Tereshchenko, Eva"]
[Result "1-0"]
[Board "25"]
[WhiteFideId "1345117"]
[BlackFideId "34389903"]
[WhiteTitle "FM"]
[WhiteElo "2055"]
[BlackElo "1892"]
[WhiteTeam "SUI"]
[BlackTeam "FID"]
[WhiteClock "0:06:06"]
[BlackClock "0:00:07"]
[Variant "Standard"]

1. d4 {[%clk 0:15:06]}  d5 {[%clk 0:15:09]} 2. c4 {[%clk 0:15:08]}  dxc4 {[%clk 0:15:08]} 3. e4 {[%clk 0:15:09]}  e5 {[%clk 0:15:10]} 4. d5 {[%clk 0:15:10]}  Nf6 {[%clk 0:15:12]} 5. Nc3 {[%clk 0:15:11]}  b5 {[%clk 0:15:16]} 6. Qc2 {[%clk 0:14:41]}  Bb4 {[%clk 0:14:23]} 7. Nf3 {[%clk 0:14:33]}  Nbd7 {[%clk 0:11:46]} 8. a4 {[%clk 0:14:07]}  Ba6 {[%clk 0:11:12]} 9. axb5 {[%clk 0:13:08]}  Bxb5 {[%clk 0:11:14]} 10. Bd2 {[%clk 0:13:10]}  Bxc3 {[%clk 0:10:55]} 11. Bxc3 {[%clk 0:13:10]}  Qe7 {[%clk 0:09:47]} 12. Be2 {[%clk 0:12:30]}  O-O {[%clk 0:09:44]} 13. O-O {[%clk 0:12:30]}  c6 {[%clk 0:09:13]} 14. Rfd1 {[%clk 0:11:46]}  cxd5 {[%clk 0:08:38]} 15. exd5 {[%clk 0:11:49]}  Qd6 {[%clk 0:07:44]} 16. Ng5 {[%clk 0:10:01]}  h6 {[%clk 0:07:16]} 17. Ne4 {[%clk 0:10:03]}  Nxe4 {[%clk 0:07:07]} 18. Qxe4 {[%clk 0:10:06]}  Nc5 {[%clk 0:06:30]} 19. Qe3 {[%clk 0:08:57]}  Nd3 {[%clk 0:04:31]} 20. b3 {[%clk 0:08:45]}  Nf4 {[%clk 0:03:20]} 21. bxc4 {[%clk 0:08:12]}  Nxe2+ {[%clk 0:02:02]} 22. Qxe2 {[%clk 0:08:16]}  Qc7 {[%clk 0:02:05]} 23. d6 {[%clk 0:07:06]}  Qxc4 {[%clk 0:01:47]} 24. Qxc4 {[%clk 0:07:09]}  Bxc4 {[%clk 0:01:51]} 25. d7 {[%clk 0:07:11]}  Bb3 {[%clk 0:00:24]} 26. Rd2 {[%clk 0:06:27]}  a5 {[%clk 0:00:14]} 27. Rxa5 {[%clk 0:06:24]}  Rad8 {[%clk 0:00:06]} 28. Ra7 {[%clk 0:06:25]}  Be6 {[%clk 0:00:09]} 29. f3 {[%clk 0:06:05]}  Rb8 {[%clk 0:00:10]} 30. Ba5 {[%clk 0:06:04]}  Bxd7 {[%clk 0:00:11]} 31. Rdxd7 {[%clk 0:06:07]}  Rb1+ {[%clk 0:00:10]} 32. Kf2 {[%clk 0:06:10]}  Rb2+ {[%clk 0:00:14]} 33. Kg3 {[%clk 0:06:13]}  Rb3 {[%clk 0:00:12]} 34. Bc7 {[%clk 0:06:02]}  e4 {[%clk 0:00:07]} 35. Bd6 {[%clk 0:06:04]}  Re8 {[%clk 0:00:07]} 36. Rxf7 {[%clk 0:06:06]} 1-0

[Event "Rapid Tournament (RAP)"]
[Site "Biel, CH"]
[Date "2025.07.13"]
[Round "5"]
[White "Pinchetti, Andrea"]
[Black "Dalay, Hakki Dogan"]
[Result "1-0"]
[Board "26"]
[WhiteFideId "1313800"]
[BlackFideId "1364782"]
[WhiteElo "2026"]
[BlackElo "1795"]
[WhiteTeam "SUI"]
[BlackTeam "SUI"]
[WhiteClock "0:05:45"]
[BlackClock "0:01:15"]
[Variant "Standard"]

1. f4 {[%clk 0:15:08]}  d5 {[%clk 0:09:32]} 2. Nf3 {[%clk 0:15:09]}  c5 {[%clk 0:09:28]} 3. e3 {[%clk 0:15:11]}  Nc6 {[%clk 0:09:30]} 4. Bb5 {[%clk 0:14:39]}  Bf5 {[%clk 0:08:38]} 5. b3 {[%clk 0:14:53]}  Nf6 {[%clk 0:08:32]} 6. Bb2 {[%clk 0:14:56]}  e6 {[%clk 0:08:34]} 7. Bxc6+ {[%clk 0:14:37]}  bxc6 {[%clk 0:08:38]} 8. O-O {[%clk 0:14:33]}  h5 {[%clk 0:08:22]} 9. d3 {[%clk 0:14:02]}  h4 {[%clk 0:08:10]} 10. Qe2 {[%clk 0:13:47]}  h3 {[%clk 0:08:07]} 11. g3 {[%clk 0:13:39]}  Bg4 {[%clk 0:07:36]} 12. Nbd2 {[%clk 0:13:26]}  Bd6 {[%clk 0:07:19]} 13. e4 {[%clk 0:13:13]}  Nh5 {[%clk 0:05:39]} 14. Qf2 {[%clk 0:12:37]}  Qe7 {[%clk 0:05:08]} 15. Ne5 {[%clk 0:11:38]}  Bxe5 {[%clk 0:04:19]} 16. Bxe5 {[%clk 0:11:31]}  d4 {[%clk 0:04:19]} 17. Nc4 {[%clk 0:11:18]}  O-O-O {[%clk 0:04:11]} 18. f5 {[%clk 0:10:43]}  f6 {[%clk 0:03:43]} 19. Bf4 {[%clk 0:10:32]}  e5 {[%clk 0:03:45]} 20. Bc1 {[%clk 0:10:17]}  Rhg8 {[%clk 0:03:28]} 21. a4 {[%clk 0:10:01]}  g6 {[%clk 0:03:28]} 22. fxg6 {[%clk 0:09:11]}  Rxg6 {[%clk 0:03:29]} 23. Ba3 {[%clk 0:09:14]}  Be6 {[%clk 0:03:23]} 24. Kh1 {[%clk 0:08:04]}  Rdg8 {[%clk 0:03:26]} 25. Rg1 {[%clk 0:08:07]}  Ng7 {[%clk 0:03:03]} 26. Rae1 {[%clk 0:07:35]}  Rg5 {[%clk 0:03:04]} 27. Ref1 {[%clk 0:07:34]}  f5 {[%clk 0:03:01]} 28. Bc1 {[%clk 0:07:08]}  fxe4 {[%clk 0:02:46]} 29. dxe4 {[%clk 0:07:06]}  Rg4 {[%clk 0:02:02]} 30. Re1 {[%clk 0:06:23]}  Bxc4 {[%clk 0:02:21]} 31. bxc4 {[%clk 0:06:22]}  Qe6 {[%clk 0:02:14]} 32. Qe2 {[%clk 0:06:13]}  Ne8 {[%clk 0:02:17]} 33. Ba3 {[%clk 0:06:07]}  Qd6 {[%clk 0:01:31]} 34. Rgf1 {[%clk 0:05:52]}  Nf6 {[%clk 0:01:30]} 35. Qf3 {[%clk 0:05:49]}  Nh5 {[%clk 0:01:20]} 36. Qf5+ {[%clk 0:05:50]}  Kc7 {[%clk 0:01:17]} 37. Qxh5 {[%clk 0:05:48]}  Qe6 {[%clk 0:01:15]} 38. Qf7+ {[%clk 0:05:45]} 1-0

[Event "Rapid Tournament (RAP)"]
[Site "Biel, CH"]
[Date "2025.07.13"]
[Round "5"]
[White "Hajduk, Tomasz"]
[Black "Laub, Patrick"]
[Result "1-0"]
[Board "27"]
[WhiteFideId "21811415"]
[BlackFideId "1302566"]
[WhiteElo "1830"]
[BlackElo "2018"]
[WhiteTeam "POL"]
[BlackTeam "SUI"]
[WhiteClock "0:01:10"]
[BlackClock "0:00:29"]
[Variant "Standard"]

1. e4 {[%clk 0:15:07]}  d6 {[%clk 0:12:58]} 2. d4 {[%clk 0:15:10]}  Nf6 {[%clk 0:12:59]} 3. Nc3 {[%clk 0:14:59]}  e5 {[%clk 0:13:01]} 4. dxe5 {[%clk 0:14:57]}  dxe5 {[%clk 0:13:05]} 5. Qxd8+ {[%clk 0:15:00]}  Kxd8 {[%clk 0:13:09]} 6. Bg5 {[%clk 0:13:45]}  Be7 {[%clk 0:09:56]} 7. O-O-O+ {[%clk 0:15:03]}  Nbd7 {[%clk 0:09:58]} 8. Nf3 {[%clk 0:15:02]}  Ke8 {[%clk 0:08:21]} 9. Bc4 {[%clk 0:09:31]}  c6 {[%clk 0:08:13]} 10. a4 {[%clk 0:08:36]}  a5 {[%clk 0:08:13]} 11. Kb1 {[%clk 0:08:32]}  Ng4 {[%clk 0:06:09]} 12. Rhf1 {[%clk 0:08:21]}  f6 {[%clk 0:05:57]} 13. Bc1 {[%clk 0:08:20]}  Nb6 {[%clk 0:04:27]} 14. Bb3 {[%clk 0:08:19]}  Bb4 {[%clk 0:04:08]} 15. h3 {[%clk 0:08:13]}  Nh6 {[%clk 0:03:10]} 16. Be3 {[%clk 0:07:11]}  Nd7 {[%clk 0:04:09]} 17. Ne2 {[%clk 0:03:32]}  Nc5 {[%clk 0:03:17]} 18. Nc1 {[%clk 0:02:45]}  Nxb3 {[%clk 0:01:24]} 19. Nxb3 {[%clk 0:04:40]}  Be6 {[%clk 0:00:45]} 20. Nc5 {[%clk 0:03:20]}  Bxc5 {[%clk 0:01:31]} 21. Bxc5 {[%clk 0:03:23]}  Nf7 {[%clk 0:01:29]} 22. Rd2 {[%clk 0:02:25]}  Nh6 {[%clk 0:00:39]} 23. Rfd1 {[%clk 0:02:47]}  g5 {[%clk 0:00:16]} 24. g4 {[%clk 0:01:35]}  Kf7 {[%clk 0:00:19]} 25. Ng1 {[%clk 0:01:36]}  Rhe8 {[%clk 0:00:22]} 26. Ne2 {[%clk 0:01:39]}  Ng8 {[%clk 0:00:25]} 27. Ng3 {[%clk 0:01:42]}  Ne7 {[%clk 0:00:27]} 28. Nf5 {[%clk 0:01:22]}  Bxf5 {[%clk 0:00:30]} 29. exf5 {[%clk 0:01:17]}  Nd5 {[%clk 0:00:31]} 30. c4 {[%clk 0:01:17]}  Nf4 {[%clk 0:00:34]} 31. Rd7+ {[%clk 0:01:19]}  Kg8 {[%clk 0:00:38]} 32. Rxb7 {[%clk 0:01:06]}  e4 {[%clk 0:00:41]} 33. Rdd7 {[%clk 0:01:07]}  Red8 {[%clk 0:00:29]} 34. Rg7+ {[%clk 0:01:10]} 1-0